000 00382nam a22001337a 4500
082 _a158
_bHILL/S
100 _aHILL, NAPOLEON
245 _aSUCCESS TROUGH A POSITIVE MENTAL ATTITTUDE
246 _aSUCCESS TROUGH A POSITIVE MENTAL ATTITTUDE
_bSUCCESS TROUGH A POSITIVE MENTAL ATTITTUDE
260 _aNEW DELHI
_bGO WOO
_c2025
300 _a328
650 _aMOTIVATIONAL
942 _cBK
999 _c9176
_d9176